<?xml version="1.0" encoding="UTF-8"?>
<collection xmlns="http://www.loc.gov/MARC21/slim">
<record>
  <controlfield tag="001">125561</controlfield>
  <controlfield tag="005">20230420124056.0</controlfield>
  <datafield tag="037" ind1=" " ind2=" ">
    <subfield code="a">TAZ-TFG-2022-2366</subfield>
  </datafield>
  <datafield tag="041" ind1=" " ind2=" ">
    <subfield code="a">spa</subfield>
  </datafield>
  <datafield tag="100" ind1="1" ind2=" ">
    <subfield code="a">Sancho Munárriz, Sara</subfield>
  </datafield>
  <datafield tag="242" ind1="0" ind2="0">
    <subfield code="a">Study of the thermochemical use of textile waste.</subfield>
  </datafield>
  <datafield tag="245" ind1="0" ind2="0">
    <subfield code="a">Estudio del aprovechamiento termoquímico de residuos textiles.</subfield>
  </datafield>
  <datafield tag="260" ind1=" " ind2=" ">
    <subfield code="a">Zaragoza</subfield>
    <subfield code="b">Universidad de Zaragoza</subfield>
    <subfield code="c">2022</subfield>
  </datafield>
  <datafield tag="506" ind1=" " ind2=" ">
    <subfield code="a">by-nc-sa</subfield>
    <subfield code="b">Creative Commons</subfield>
    <subfield code="c">3.0</subfield>
    <subfield code="u">http://creativecommons.org/licenses/by-nc-sa/3.0/</subfield>
  </datafield>
  <datafield tag="520" ind1=" " ind2=" ">
    <subfield code="a">La industria textil es uno de los sectores industriales más extensos e importantes del mundo. La moda rápida y el incremento de consumo de la sociedad ha supuesto un desarrollo más rápido de esta industria, lo que ha llevado a una producción masiva de textiles. Esto implica un gran problema, no solo por su producción, que muchas veces es poco sostenible sino también por los residuos que se generan. La solución más acertada ante este gran problema se basa en la economía circular: reducir, reutilizar y reciclar. Actualmente, podemos encontrar diferentes métodos de reciclaje de residuos textiles, pero no todos son útiles cuando estos residuos corresponden a diferentes mezclas de materiales. Este Trabajo de Fin de Grado se ha enfocado en el estudio de la posible aplicación de los procesos termoquímicos como solución a mezclas complejas de residuos textiles. De esta forma, se convierten estos residuos en un producto de valor añadido o combustibles. Los procesos termoquímicos que se han analizado son: la pirólisis, la torrefacción, la gasificación y la carbonización. Además, no solo se ha centrado en mezcla de textiles, sino que también se ha estudiado en fibras específicas: algodón, poliéster, viscosa y lana, ya que la mayor parte de las mezclas residuales están compuestas por diferentes porcentajes de estos materiales. Inicialmente, se ha realizado un estudio bibliográfico para conocer con detalle el estado del arte en el aprovechamiento termoquímico de estos residuos, presentándose unas tablas a modo de resumen con la información más destacada encontrada, y posteriormente se han analizado sus desarrollos, sus características y los productos generados. Finalmente, se ha centrado el trabajo en la gasificación de estos materiales, elaborándose una aplicación en EES que incorpora un modelo de gasificación, realizándose la simulación del procesado de diferentes fibras textiles y mezclas, y analizándose los resultados, y productos generados.&lt;br /></subfield>
  </datafield>
  <datafield tag="521" ind1=" " ind2=" ">
    <subfield code="a">Graduado en Ingeniería Química</subfield>
  </datafield>
  <datafield tag="540" ind1=" " ind2=" ">
    <subfield code="a">Derechos regulados por licencia Creative Commons</subfield>
  </datafield>
  <datafield tag="700" ind1=" " ind2=" ">
    <subfield code="a">Arauzo Pérez, Jesús María</subfield>
    <subfield code="e">dir.</subfield>
  </datafield>
  <datafield tag="710" ind1="2" ind2=" ">
    <subfield code="a">Universidad de Zaragoza</subfield>
    <subfield code="b">Ingeniería Química y Tecnologías del Medio Ambiente</subfield>
    <subfield code="c">Ingeniería Química</subfield>
  </datafield>
  <datafield tag="856" ind1="0" ind2=" ">
    <subfield code="f">775601@unizar.es</subfield>
  </datafield>
  <datafield tag="856" ind1="4" ind2=" ">
    <subfield code="s">1410597</subfield>
    <subfield code="u">http://zaguan.unizar.es/record/125561/files/TAZ-TFG-2022-2366.pdf</subfield>
    <subfield code="y">Memoria (spa)</subfield>
  </datafield>
  <datafield tag="909" ind1="C" ind2="O">
    <subfield code="o">oai:zaguan.unizar.es:125561</subfield>
    <subfield code="p">driver</subfield>
    <subfield code="p">trabajos-fin-grado</subfield>
  </datafield>
  <datafield tag="950" ind1=" " ind2=" ">
    <subfield code="a"></subfield>
  </datafield>
  <datafield tag="980" ind1=" " ind2=" ">
    <subfield code="a">TAZ</subfield>
    <subfield code="b">TFG</subfield>
    <subfield code="c">EINA</subfield>
  </datafield>
  <datafield tag="999" ind1=" " ind2=" ">
    <subfield code="a">20220622185004.CREATION_DATE</subfield>
  </datafield>
  <datafield tag="951" ind1=" " ind2=" ">
    <subfield code="a">deposita:2023-04-20</subfield>
  </datafield>
</record>
</collection>